[Event "British Chess Championships 2023: Weekend Tournament Atkins"]
[Site "The Venue, De Montfort University, 20 Western Boulevard, Leicester, LE2 7BU"]
[Date "2023.07.24"]
[Round "5"]
[Board "15"]
[White "Munshi, Aryan"]
[Black "Agrawal, Shivam"]
[Result "1-0"]
[WhiteElo "1454"]
[BlackElo "2048"]
[PlyCount "0"]
[EventDate "2023.07.21"]
[EventRounds "5"]
[EventCountry "ENG"]

1. d4 d5 2. c4 e6 3. g3 Nf6 4. Bg2 c6 5. Qc2 Nbd7 6. Nf3 Bd6 7. O-O O-O 8. Rd1 Ne4
9. Nfd2 f5 10. f3 Nxd2 11. Bxd2 Qf6 12. e3 h5 13. Be1 Qg6 14. f4 h4 15. gxh4 Be7
16. Bg3 Qh5 17. Nd2 Bxh4 18. Nf3 Be7 19. h4 Qg4 20. Kf2 Nf6 21. Ne5 Qh5 22. Bf3 Qh6
23. c5 Bd7 24. Rh1 Be8 25. Rag1 Bh5 26. Bg2 Bd8 27. Ke1 Ba5+ 28. Kf1 Bc7 29. Nf3
Ne4 30. Bf2 Bxf4 31. exf4 Qxf4 32. Ke2 Nxf2 33. Kxf2 Bxf3 34. Bxf3 Qxd4+ 35. Ke2
e5 36. Qc3 Qxc3 37. bxc3 b6 38. Rg6 e4 39. Bh5 Rfc8 40. Rb1 Kh7 41. Ke3 Rf8 42. Kf4
Rf6 43. Rxf6 gxf6 44. Kxf5 Rg8 45. cxb6 axb6 46. Rxb6 Kh6 47. Bg4 Ra8 48. Rxc6 Rxa2
49. Rxf6+ Kg7 50. Rc6 e3 51. Rc7+ Kf8 52. Kf6 Ra6+ 53. Ke5 Ra4 54. Bf3 e2 55. Bxe2
Re4+ 56. Kxd5 Rxe2 57. Rc4 Kf7 58. Rf4+ Kg6 59. c4 Kh5 60. c5 Rd2+ 61. Rd4 Rg2 62.
c6 Rg7 63. Kc5 Rg8 64. c7 Rc8 65. Kc6 Kg6 66. Kb7 Rxc7+ 67. Kxc7 Kf5 68. Kd6 Kf6
69. Rf4 Kg6 70. h5 Kxh5 71. Ke5 Kh6 72. Rg4 Kh5 73. Kf4 Kh6 74. Kf5 Kh5 75. Ra4 Kh6
76. Ra7 Kh5 77. Rh7  1-0

[Event "British Chess Championships 2023: Weekend Tournament Atkins"]
[Site "The Venue, De Montfort University, 20 Western Boulevard, Leicester, LE2 7BU"]
[Date "2023.07.24"]
[Round "5"]
[Board "16"]
[White "Cordova Lopez, Diego Anton"]
[Black "Rich, Aaron"]
[Result "0-1"]
[WhiteElo "2048"]
[BlackElo "1965"]
[PlyCount "0"]
[EventDate "2023.07.21"]
[EventRounds "5"]
[EventCountry "ENG"]

1. e4 c5 2. Nf3 Nc6 3. d4 cxd4 4. Nxd4 g6 5. c4 Bg7 6. Be3 Nf6 7. Nc3 Ng4 8. Qxg4
Nxd4 9. Qd1 Nc6 10. Rc1 b6 11. Be2 Bb7 12. O-O h5 13. f4 d6 14. Qd2 Qd7 15. Rfd1
O-O 16. Nd5 Rac8 17. a3 Na5 18. Qb4 Bxd5 19. Rxd5 Qe6 20. Re1 Nb7 21. Qd2 Na5 22.
f5 Qd7 23. Bh6 Nxc4 24. Qg5 Bf6 25. Qg3 h4 26. Qg4 Ne5 27. Rxe5 Bxe5 28. Bxf8 Kxf8
29. Qxh4 Kg7 30. h3 Rh8 31. Qg5 Bf6 32. Qf4 Qa4 33. fxg6 fxg6 34. Bg4 Rf8 35. Qd2
Qd4+ 36. Qxd4 Bxd4+ 37. Kh1 Bxb2 38. Bf3 Rc8 39. Re2 Bxa3 40. Ra2 Rc3 41. Kh2 b5
42. Kg3 Bc5 43. Rb2 b4 44. Kf4 a5 45. e5 a4 46. exd6 Bxd6+ 47. Ke4 a3 48. Ra2 b3
 0-1

[Event "British Chess Championships 2023: Weekend Tournament Atkins"]
[Site "The Venue, De Montfort University, 20 Western Boulevard, Leicester, LE2 7BU"]
[Date "2023.07.24"]
[Round "5"]
[Board "17"]
[White "Sommerbauer-Cornell, Ben"]
[Black "Sachdeva, Ronit"]
[Result "0-1"]
[WhiteElo "1956"]
[BlackElo "2026"]
[PlyCount "0"]
[EventDate "2023.07.21"]
[EventRounds "5"]
[EventCountry "ENG"]

1. e4 c5 2. Nf3 d6 3. Bb5+ Bd7 4. Bxd7+ Nxd7 5. c4 Ngf6 6. Nc3 g6 7. O-O Bg7 8. d4
cxd4 9. Nxd4 O-O 10. Be3 Rc8 11. b3 a6 12. Rc1 Qa5 13. a4 Ne5 14. h3 Nc6 15. Nde2
Rfd8 16. Qd2 Qc7 17. f4 Na5 18. Rb1 Nxb3 19. Rxb3 Qxc4 20. Rfb1 Nxe4 21. Nxe4 Qxe4
22. Rb4 Qc6 23. Bb6 Re8 24. Be3 Red8 25. Bb6 Re8 26. a5 d5 27. Nd4 Qd6 28. Nf3 Bc3
29. Qxc3 Rxc3 30. Bd4 Rc1+ 31. Kf2 Rxb1 32. Rxb1 Qxf4 33. Rxb7 e5 34. Be3 Qf5 35.
g4 Qc2+ 36. Kg3 Qc3 37. Kf2 d4 38. Bh6 Qc6 39. Rb6 Qc2+ 40. Kg3 Qc3 41. Kg2 Qxa5
42. Nxe5 Qxb6  0-1

[Event "British Chess Championships 2023: Weekend Tournament Atkins"]
[Site "The Venue, De Montfort University, 20 Western Boulevard, Leicester, LE2 7BU"]
[Date "2023.07.24"]
[Round "5"]
[Board "18"]
[White "Ravikumar, Pranava"]
[Black "Fellowes, Billy"]
[Result "1-0"]
[WhiteElo "2022"]
[BlackElo "1996"]
[PlyCount "0"]
[EventDate "2023.07.21"]
[EventRounds "5"]
[EventCountry "ENG"]

1. d4 d5 2. Nf3 Nf6 3. e3 c5 4. c4 e6 5. Nc3 Nc6 6. cxd5 exd5 7. g3 Be7 8. Bg2 Be6
9. O-O O-O 10. b3 cxd4 11. Nxd4 Qd7 12. Bb2 Bh3 13. Nxc6 bxc6 14. Rc1 Rfd8 15. Na4
Rac8 16. Qd4 Rc7 17. Rfd1 Ne8 18. Nc5 Qf5 19. Qa4 Bxg2 20. Kxg2 h5 21. e4 Qc8 22.
Na6 Rcd7 23. Rxc6 Qa8 24. e5 d4 25. f3 h4 26. Qc4 Rd5 27. e6 f5 28. Nc7 Nxc7 29.
Rxc7 Kf8 30. Rxd4 Bf6 31. Rxd5 Qxd5 32. Qxd5 Rxd5 33. Bxf6 gxf6 34. Rxa7 Rd2+ 35.
Kh3 hxg3 36. Kxg3 Re2 37. e7+ Kf7 38. h4 Kg6 39. b4 Kf7 40. b5 Rb2 41. a4 Rb4 42.
h5  1-0

[Event "British Chess Championships 2023: Weekend Tournament Atkins"]
[Site "The Venue, De Montfort University, 20 Western Boulevard, Leicester, LE2 7BU"]
[Date "2023.07.24"]
[Round "5"]
[Board "19"]
[White "Regan, Natasha K"]
[Black "Mcgrath Williams, Joseph"]
[Result "1-0"]
[WhiteElo "2021"]
[BlackElo "1615"]
[PlyCount "0"]
[EventDate "2023.07.21"]
[EventRounds "5"]
[EventCountry "ENG"]

1. Nf3 Nf6 2. c4 g6 3. b4 Bg7 4. Bb2 O-O 5. g3 d5 6. cxd5 Nxd5 7. Bxg7 Kxg7 8. Qb3
Qd6 9. a3 Qf6 10. d4 Be6 11. Qb2 a5 12. b5 c6 13. Bg2 Nd7 14. Nbd2 Nc5 15. O-O Na4
16. Qc2 cxb5 17. Ne4 Bf5 18. Nxf6 Bxc2 19. Nxd5  1-0

[Event "British Chess Championships 2023: Weekend Tournament Atkins"]
[Site "The Venue, De Montfort University, 20 Western Boulevard, Leicester, LE2 7BU"]
[Date "2023.07.24"]
[Round "5"]
[Board "20"]
[White "De Coverly, Roger D"]
[Black "Rich, Ben S"]
[Result "1-0"]
[WhiteElo "2016"]
[BlackElo "1951"]
[PlyCount "0"]
[EventDate "2023.07.21"]
[EventRounds "5"]
[EventCountry "ENG"]

1. Nf3 c5 2. g3 d6 3. Bg2 Nf6 4. d4 Nbd7 5. d5 b5 6. c4 bxc4 7. Nc3 g6 8. O-O Bg7
9. e4 O-O 10. Re1 Qc7 11. Qc2 Ng4 12. Nb5 Qa5 13. Na3 c3 14. Nc4 Qb4 15. b3 Nde5
16. Nfxe5 Nxe5 17. a3 Qb5 18. a4 Qa6 19. Nxe5 Bxe5 20. Bh6 Re8 21. Bf4 Bd4 22. Be3
Rb8 23. Bf1 Qa5 24. Bb5 Rf8 25. Rad1 Bg7 26. Bf4 Ba6 27. Bxa6 Qxa6 28. e5 g5 29.
Bxg5 Bxe5 30. Bxe7 Rfe8 31. Rxe5 dxe5 32. d6 Rxe7 33. dxe7 Re8 34. Rd8 Qc6 35. Qxc3
f6 36. Rxe8+ Qxe8 37. Qxc5 a6 38. Qd5+ Kg7 39. Qe6 a5 40. h4 h6 41. h5  1-0

[Event "British Chess Championships 2023: Weekend Tournament Atkins"]
[Site "The Venue, De Montfort University, 20 Western Boulevard, Leicester, LE2 7BU"]
[Date "2023.07.24"]
[Round "5"]
[Board "21"]
[White "Buanne, Luca"]
[Black "Moss, Thomas D"]
[Result "0-1"]
[WhiteElo "2224"]
[BlackElo "1755"]
[PlyCount "0"]
[EventDate "2023.07.21"]
[EventRounds "5"]
[EventCountry "ENG"]

1. d4 d5 2. c4 e6 3. g3 Bb4+ 4. Bd2 Bd6 5. Bg2 Nf6 6. Nc3 Nc6 7. cxd5 exd5 8. Nxd5
Nxd5 9. Bxd5 O-O 10. e3 Bxg3 11. Bxc6 Bxf2+ 12. Kxf2 Qh4+ 13. Kf1 bxc6 14. Qf3 Rb8
15. Bc3 Ba6+ 16. Ne2 Bd3 17. Rg1 Rb5 18. d5 f6 19. Qg4 Qh6 20. e4 cxd5 21. Bd2 Bxe2+
22. Kxe2 Rxb2 23. Rad1 Re8 24. Kf1 g5 25. Qd7 Qh5 26. Qxd5+ Kh8 27. Kf2 Qh4+ 28.
Kf3 Qh3+ 29. Ke2 Qxh2+ 30. Kd3 Rxd2+ 31. Rxd2 Qxg1 32. Qd7 Qg3+ 33. Kc2 Qe5 34. Qf7
Qxe4+ 35. Kc1 Qe6 36. Qxc7 Qc8 37. Rd7 Qxc7+  0-1

[Event "British Chess Championships 2023: Weekend Tournament Atkins"]
[Site "The Venue, De Montfort University, 20 Western Boulevard, Leicester, LE2 7BU"]
[Date "2023.07.24"]
[Round "5"]
[Board "22"]
[White "Broughton, Daniel"]
[Black "Timbrell, Matthew"]
[Result "1/2-1/2"]
[WhiteElo "2013"]
[BlackElo "1858"]
[PlyCount "0"]
[EventDate "2023.07.21"]
[EventRounds "5"]
[EventCountry "ENG"]

1. d4 d5 2. c4 e6 3. e3 Nf6 4. Nc3 Be7 5. Nf3 O-O 6. Bd3 dxc4 7. Bxc4 a6 8. a3 c5
9. O-O b5 10. Bd3 Bb7 11. dxc5 Bxc5 12. Qe2 Nbd7 13. Rd1 Qe7 14. b4 Ba7 15. Bb2 Nd5
16. Nxd5 Bxd5 17. Rac1 Rac8 18. e4 Bb3 19. Re1 e5 20. Rc3 Rxc3 21. Bxc3 f6 22. Rc1
Nb6 23. Nd2 Be6 24. Bb2 Rd8 25. Rd1 Qd7 26. Bc2 Qc7 27. Nf1 Bc4 28. Rxd8+ Qxd8 29.
Qd2 Qxd2  1/2-1/2

[Event "British Chess Championships 2023: Weekend Tournament Atkins"]
[Site "The Venue, De Montfort University, 20 Western Boulevard, Leicester, LE2 7BU"]
[Date "2023.07.24"]
[Round "5"]
[Board "23"]
[White "Gay, Simon P"]
[Black "Csom, Etelka"]
[Result "0-1"]
[WhiteElo "2002"]
[BlackElo "2013"]
[PlyCount "0"]
[EventDate "2023.07.21"]
[EventRounds "5"]
[EventCountry "ENG"]

1. d4 d5 2. c4 c6 3. Nc3 Nf6 4. Nf3 dxc4 5. e4 b5 6. a3 e6 7. Be2 Be7 8. O-O O-O
9. b3 cxb3 10. Qxb3 a6 11. h3 Bb7 12. e5 Nd5 13. Ne4 Nd7 14. Bg5 f6 15. exf6 N7xf6
16. Nxf6+ Bxf6 17. Bxf6 Qxf6 18. g3 Rad8 19. Rac1 Qf5 20. Kh2 Rf6 21. Qc2 Rdf8 22.
Qxf5 Rxf5  0-1

[Event "British Chess Championships 2023: Weekend Tournament Atkins"]
[Site "The Venue, De Montfort University, 20 Western Boulevard, Leicester, LE2 7BU"]
[Date "2023.07.24"]
[Round "5"]
[Board "24"]
[White "Goss, Alex"]
[Black "Dhemrait, Jagdeep"]
[Result "1-0"]
[WhiteElo "1848"]
[BlackElo "2013"]
[PlyCount "0"]
[EventDate "2023.07.21"]
[EventRounds "5"]
[EventCountry "ENG"]

1. e4 c5 2. Nf3 Nc6 3. Bb5 a6 4. Bxc6 bxc6 5. d3 g6 6. Be3 d6 7. Nbd2 Bg4 8. h3 Bxf3
9. Nxf3 Bg7 10. c3 Qb6 11. Qc2 a5 12. O-O e5 13. b4 axb4 14. Rfb1 Qc7 15. cxb4 cxb4
16. Rxb4 Ne7 17. Rab1 O-O 18. Rb7 Qd8 19. a4 d5 20. Bc5 Re8 21. Bxe7 Rxe7 22. Rxe7
Qxe7 23. Qxc6 Rd8 24. Rb7 Qa3 25. Qc7 Rf8 26. Ng5 Qxa4 27. Rb8 Qa3 28. exd5 h6 29.
Qxf7+ Kh8 30. Rxf8+ Qxf8 31. Qxf8+ Bxf8 32. Nf7+ Kg7 33. Nxe5 Bd6 34. Nc4  1-0

[Event "British Chess Championships 2023: Weekend Tournament Atkins"]
[Site "The Venue, De Montfort University, 20 Western Boulevard, Leicester, LE2 7BU"]
[Date "2023.07.24"]
[Round "5"]
[Board "25"]
[White "Gay, Conor DI"]
[Black "Mandnikar, Atreya"]
[Result "1-0"]
[WhiteElo "2021"]
[BlackElo "1702"]
[PlyCount "0"]
[EventDate "2023.07.21"]
[EventRounds "5"]
[EventCountry "ENG"]

1. e4 c5 2. Nf3 Nc6 3. d4 cxd4 4. Nxd4 g6 5. c4 Bg7 6. Be3 Nf6 7. Nc3 Ng4 8. Qxg4
Nxd4 9. Qd1 Nc6 10. Rc1 d6 11. Be2 O-O 12. Qd2 Bd7 13. O-O Qc8 14. Nd5 Re8 15. Rfd1
Be6 16. f4 Rb8 17. b4 b6 18. h3 f5 19. Bf3 fxe4 20. Bxe4 Bf5 21. Bf3 e6 22. g4 exd5
23. cxd5 Be4 24. Bxe4 Rxe4 25. dxc6 Qe6 26. Qxd6 Qxd6 27. Rxd6 Rc8 28. c7 Ree8 29.
Rd7 Bf6 30. Bf2 Be7 31. Re1  1-0

[Event "British Chess Championships 2023: Weekend Tournament Atkins"]
[Site "The Venue, De Montfort University, 20 Western Boulevard, Leicester, LE2 7BU"]
[Date "2023.07.24"]
[Round "5"]
[Board "26"]
[White "Bridgeman, Niamh"]
[Black "Simms, Jake"]
[Result "1-0"]
[WhiteElo "1940"]
[BlackElo "1810"]
[PlyCount "0"]
[EventDate "2023.07.21"]
[EventRounds "5"]
[EventCountry "ENG"]

1. d4 f5 2. Nf3 Nf6 3. e3 e6 4. Be2 d6 5. O-O Be7 6. b3 b6 7. Bb2 Bb7 8. c4 O-O 9.
Nbd2 Ne4 10. Rc1 Nd7 11. Nxe4 Bxe4 12. Qd2 Bf6 13. Rfd1 Qe8 14. Ne1 Bb7 15. Bf3 Bxf3
16. Nxf3 Rd8 17. Qc2 Qh5 18. b4 e5 19. dxe5 dxe5 20. Qa4 e4 21. Bxf6 Nxf6 22. Nd4
Ng4 23. h3 Ne5 24. Ne6 Nd3 25. Rb1 Rd6 26. Nxf8 Kxf8 27. Qxa7 Rg6 28. Qb8+ Kf7 29.
Qxc7+ Kf8 30. Qd8+ Kf7 31. Rxd3 exd3 32. Qxd3 Qxh3 33. Qd5+ Kf8 34. Rd1 Qh4 35. Qa8+
Kf7 36. Rd7+  1-0

[Event "British Chess Championships 2023: Weekend Tournament Atkins"]
[Site "The Venue, De Montfort University, 20 Western Boulevard, Leicester, LE2 7BU"]
[Date "2023.07.24"]
[Round "5"]
[Board "27"]
[White "Kairat, Alexander"]
[Black "Dunne, Thomas Junior"]
[Result "0-1"]
[WhiteElo "1619"]
[BlackElo "1903"]
[PlyCount "0"]
[EventDate "2023.07.21"]
[EventRounds "5"]
[EventCountry "ENG"]

1. e4 c5 2. Nf3 e6 3. d4 cxd4 4. Nxd4 Nc6 5. Nc3 Nf6 6. Be3 Bb4 7. f3 d5 8. Nxc6
bxc6 9. e5 Nd7 10. f4 c5 11. Bd2 O-O 12. Be2 f6 13. exf6 Nxf6 14. Bf3 Ba6 15. a3
Ba5 16. b4 Bb6 17. b5 Bb7 18. O-O Qd7 19. Re1 Rae8 20. Rb1 c4+ 21. Kh1 Bc5 22. Bc1
Qd6 23. a4 Bb4 24. Bd2 Bc5 25. Be3 Bxe3 26. Rxe3 Qxf4 27. Re1 Kh8 28. Ne2 Qc7 29.
Nc3 Nd7 30. Qe2 Nf6 31. Qe5 Qxe5 32. Rxe5 Nd7 33. Ree1 Nc5 34. a5 a6 35. b6 Bc6 36.
Ra1 Kg8 37. Nd1 e5 38. Ne3 e4 39. Be2 g6 40. Red1 Rd8 41. Rd4 Ne6 42. Rd2 Bb7 43.
Bg4 Nc5 44. h4 h5 45. Bh3 Rf4 46. Nxc4 Rxh4 47. g3 Rxh3+ 48. Kg2 Bc8 49. Rb1 Nb7
50. Ne5 h4 51. gxh4 Rxh4 52. Nc6 Rg4+ 53. Kf2 Rf8+ 54. Ke3 Rf3+ 55. Kd4 e3+ 56. Kxd5
exd2 57. Ne7+ Kf7 58. Nxc8 Rf5+ 59. Kc6 Nxa5+ 60. Kc7 Rc5+ 61. Kb8 Rxc8+ 62. Kxc8
Rc4+ 63. Kb8 Rxc2 64. Rd1 Ke6 65. Ka7 Ra2 66. Kxa6 Nc4+ 67. Kb5 Ne3 68. Rg1 d1=Q
69. Rxd1 Nxd1 70. b7 Rb2+  0-1

[Event "British Chess Championships 2023: Weekend Tournament Atkins"]
[Site "The Venue, De Montfort University, 20 Western Boulevard, Leicester, LE2 7BU"]
[Date "2023.07.24"]
[Round "5"]
[Board "28"]
[White "Patel, Hardikkumar"]
[Black "Walker, David N"]
[Result "0-1"]
[WhiteElo "739"]
[BlackElo "1871"]
[PlyCount "0"]
[EventDate "2023.07.21"]
[EventRounds "5"]
[EventCountry "ENG"]

1. Nf3 d5 2. g3 Nf6 3. Bg2 e6 4. c4 Bd6 5. b3 Nbd7 6. Bb2 O-O 7. O-O c6 8. d3 Qc7
9. Nbd2 b6 10. Rc1 Bb7 11. Re1 c5 12. d4 Rac8 13. cxd5 exd5 14. dxc5 bxc5 15. Nd4
Qb6 16. Nf5 Be5 17. Bxe5 Nxe5 18. Ne7+ Kh8 19. Nxc8 Rxc8 20. Nf3 Ng6 21. Ng5 h6 22.
Nh3 a5 23. Qd2 Ne7 24. Nf4 Rc7 25. e3 g5 26. Nd3 Ba6 27. Rc2 Kg8 28. Rec1 Nd7 29.
Nb2 Bb5 30. Bxd5 Nxd5 31. Qxd5 Qf6 32. Qa8+ Kh7 33. Qxa5 Bc6 34. Qxc7 Qf3 35. Qxc6
Qxc6 36. b4 h5 37. Nd3 h4 38. gxh4 gxh4 39. Rc4 Qg6+ 40. Kh1 Qxd3 41. Rxh4+ Kg7 42.
Rg1+ Kf8 43. bxc5 Nxc5 44. Rd4 Qc2 45. Kg2 Qxa2 46. Rgd1 Ne6 47. Rd7 Qc2 48. R1d2
Qe4+ 49. Kg1 Ng5 50. R7d4 Nf3+ 51. Kf1 Nxd2+ 52. Rxd2 Qh1+ 53. Ke2 Qxh2 54. Rd4 Kg7
55. Rf4 Kg6 56. Kf3 Qh5+ 57. Kg2 Qd5+ 58. Kg1 f5 59. Kf1 Qd1+ 60. Kg2 Qe2 61. Kg1
Kg5 62. Kg2 Qd1 63. Kh2 Qf1 64. Kg3 Qh1 65. Rf3 Qg1+ 66. Kh3 Qg4+  0-1